|
|
|
|
| LEADER |
00000nab#a22000007a#4500 |
| 001 |
arbauad038636 |
| 003 |
AR-BaUAD |
| 005 |
20250711113025.0 |
| 008 |
990730|||||||||###||||||b###|0###a|spa|| |
| 040 |
|
|
|a AR-BaUAD
|c AR-BaUAD
|b spa
|
| 100 |
|
|
|a Biagi, Marco
|
| 245 |
|
|
|a Fra oriente e occidente /
|c Marco Biagi;
|
| 300 |
0 |
|
|b fot., plantas
|
| 653 |
|
|
|a VIVIENDAS UNIFAMILIARES
|
| 653 |
|
|
|a VIVIENDAS EN BOSQUES
|
| 653 |
|
|
|a REMODELACION
|
| 653 |
|
|
|a AMPLIACION
|
| 653 |
|
|
|a DISEÑO DE INTERIORES
|
| 653 |
|
|
|a ARQUITECTURA ORIENTAL
|
| 653 |
|
|
|a MADERA
|
| 653 |
|
|
|a MASSACHUSETTS
|
| 653 |
|
|
|a ESTADOS UNIDOS
|
| 653 |
|
|
|a ADAMS, DOUGLAS
|
| 773 |
0 |
|
|t VILLE GIARDINI
|g no. 298 [dic. 1994], p. 2-7
|
| 942 |
|
|
|c ARTI
|
| 952 |
|
|
|0 0
|1 0
|4 0
|7 0
|9 83555
|a AR-BAuAD
|b AR-BAuAD
|d 2025-07-11
|l 0
|p AAQA038636
|r 2025-07-11 11:30:25
|w 2025-07-11
|y ARTI
|
| 990 |
|
|
|a AQ199
|b TD
|
| 998 |
|
|
|a AAQ
|b BIBUN76
|
| 999 |
|
|
|c 63228
|d 63228
|